000 00642nam a22002177a 4500
003 UA-OsUOA
001 41009
007 ta
008 20060912b un ||||| |||| 00| 0 ukr d
100 _aРешетилова О.
090 _a908
_bР47
942 _cSA
040 _aUA-OsUOA
_bukr
_cUA-OsUOA
_dUA-OsUOA
245 _aОстрог збирає українців/Посвіта в спудеї в Національному університеті "Острозька академія"
300 _aС.12
955 _a0
041 _aukr
080 _a908
773 0 _w41007
650 7 _a908 Краєзнавство
_2UDC
999 _c327148
_d327148